| 000 | 01790ngm a22004930a 4500 | ||
|---|---|---|---|
| 001 | PT47342 | ||
| 003 | AR-LpoUNG | ||
| 005 | 20210202000015.0 | ||
| 007 | vd cvaizq | ||
| 008 | 191001s2006||||ag |||||||||||||||||spa d | ||
| 037 | _c$2,50 | ||
| 040 |
_aAR-LpoUNG _bspa _cAR-LpoUNG _eaacr |
||
| 041 | _aspa | ||
| 044 | _aag | ||
| 082 | 0 | _a982.065 463ser | |
| 100 | 1 |
_aGil, Christian _edir. |
|
| 245 | 1 | 0 | _aSeré memoria |
| 260 |
_aBuenos Aires : _bMiradas al sur, _c2006. |
||
| 300 | _aDVD (125 min.) : son., byn, col. | ||
| 505 | 0 | _aFotografía: Paola Toriano. Montaje: Christian Gil. Sonido: Eric Elizondo. Música: Javier Zentner. Testimoniantes: Guillermo Fernández, Claudio Tamburrini, Osvaldo Bayer, Nora Cortiñas. | |
| 520 | _aEste documental es un registro del actual trabajo del grupo de derechos humanos y científicos antropólogos en el predio de la Mansión Seré, que durante la última dictadura fue utilizado como un centro clandestino de detención dependiente de la Fuerza Aérea. El trabajo recorre cinco años de investigación, con entrevistas a personas cercanas a los hechos y representantes de la luchas por la memoria. | ||
| 650 | 4 | _aANALISIS HISTORICO | |
| 650 | 4 | _aARGENTINA | |
| 650 | 4 | _aDICTADURA | |
| 650 | 4 | _aGOBIERNO MILITAR | |
| 650 | 4 | _aGOLPES DE ESTADO | |
| 650 | 4 | _aHISTORIA | |
| 650 | 4 | _aHISTORIA POLITICA | |
| 650 | 4 | _aHISTORIA SOCIAL | |
| 650 | 4 | _aINVESTIGACION | |
| 650 | 4 | _aVIOLENCIA | |
| 651 | 4 | _aArgentina | |
| 653 | _aBAYER, OSVALDO | ||
| 653 | _aCENTROS CLANDESTINOS DE DETENCION | ||
| 653 | _aCINE ARGENTINO | ||
| 653 | _aDESAPARECIDOS | ||
| 653 | _aDOCUMENTALES | ||
| 653 | _aDVD | ||
| 653 | _aMEMORIA COLECTIVA | ||
| 653 | _aTESTIMONIOS | ||
| 653 | _aVIDEOS | ||
| 905 | _a47342 | ||
| 942 | _cDVD | ||
| 999 |
_c53951 _d53951 |
||